<?xml version="1.0" encoding="UTF-8"?>
<record
    xmlns:xsi="http://www.w3.org/2001/XMLSchema-instance"
    xsi:schemaLocation="http://www.loc.gov/MARC21/slim http://www.loc.gov/standards/marcxml/schema/MARC21slim.xsd"
    xmlns="http://www.loc.gov/MARC21/slim">

  <leader>00705cam a2200241 i 4500</leader>
  <datafield tag="999" ind1=" " ind2=" ">
    <subfield code="c">7206</subfield>
    <subfield code="d">7206</subfield>
  </datafield>
  <controlfield tag="001">1085768</controlfield>
  <controlfield tag="003">YEEZEN</controlfield>
  <controlfield tag="005">20211209091129.0</controlfield>
  <controlfield tag="008">210820s2021    ch a   g      000 0 chi d</controlfield>
  <datafield tag="020" ind1=" " ind2=" ">
    <subfield code="a">9789573337195</subfield>
    <subfield code="q">(&#x5E73;&#x88DD;) :</subfield>
    <subfield code="c">NT$380</subfield>
  </datafield>
  <datafield tag="040" ind1=" " ind2=" ">
    <subfield code="a">TWTNM</subfield>
    <subfield code="b">chi</subfield>
    <subfield code="c">TWTNM</subfield>
  </datafield>
  <datafield tag="042" ind1=" " ind2=" ">
    <subfield code="a">nbic</subfield>
  </datafield>
  <datafield tag="084" ind1=" " ind2=" ">
    <subfield code="a">192.1</subfield>
    <subfield code="2">ncsclt</subfield>
  </datafield>
  <datafield tag="090" ind1=" " ind2=" ">
    <subfield code="a">192.1</subfield>
    <subfield code="b">1124</subfield>
  </datafield>
  <datafield tag="100" ind1="1" ind2=" ">
    <subfield code="a">&#x5F35;&#x5FB7;&#x82AC;</subfield>
  </datafield>
  <datafield tag="245" ind1="1" ind2="0">
    <subfield code="a">&#x9047;&#x898B;&#x81EA;&#x5728;&#x512A;&#x96C5;&#x7684;&#x81EA;&#x5DF1; /</subfield>
    <subfield code="c">&#x5F35;&#x5FB7;&#x82AC;&#x8457;</subfield>
  </datafield>
  <datafield tag="250" ind1=" " ind2=" ">
    <subfield code="a">&#x521D;&#x7248;</subfield>
  </datafield>
  <datafield tag="260" ind1=" " ind2=" ">
    <subfield code="a">&#x81FA;&#x5317;&#x5E02; :</subfield>
    <subfield code="b">&#x7687;&#x51A0;&#x6587;&#x5316;,</subfield>
    <subfield code="c">2021.05.</subfield>
  </datafield>
  <datafield tag="300" ind1=" " ind2=" ">
    <subfield code="a">255&#x9762; :</subfield>
    <subfield code="b">&#x5F69;&#x5716; ;</subfield>
    <subfield code="c">21&#x516C;&#x5206;</subfield>
  </datafield>
  <datafield tag="490" ind1="1" ind2=" ">
    <subfield code="a">&#x7687;&#x51A0;&#x53E2;&#x66F8; ;</subfield>
    <subfield code="v">&#x7B2C;4934&#x7A2E;</subfield>
  </datafield>
  <datafield tag="490" ind1="1" ind2=" ">
    <subfield code="a">&#x5F35;&#x5FB7;&#x82AC;&#x4F5C;&#x54C1;&#x96C6; ;</subfield>
    <subfield code="v">7.</subfield>
  </datafield>
  <datafield tag="650" ind1=" " ind2="7">
    <subfield code="a">&#x4FEE;&#x8EAB;</subfield>
    <subfield code="2">lcstt.</subfield>
  </datafield>
  <datafield tag="650" ind1=" " ind2="7">
    <subfield code="a">&#x751F;&#x6D3B;&#x6307;&#x5C0E;</subfield>
    <subfield code="2">lcstt.</subfield>
  </datafield>
  <datafield tag="830" ind1=" " ind2="0">
    <subfield code="a">&#x7687;&#x51A0;&#x53E2;&#x66F8; ;</subfield>
    <subfield code="v">&#x7B2C;4934&#x7A2E;</subfield>
  </datafield>
  <datafield tag="830" ind1=" " ind2="0">
    <subfield code="a">&#x5F35;&#x5FB7;&#x82AC;&#x4F5C;&#x54C1;&#x96C6; ;</subfield>
    <subfield code="v">7.</subfield>
  </datafield>
  <datafield tag="942" ind1=" " ind2=" ">
    <subfield code="2">ccl</subfield>
    <subfield code="c">BOOK</subfield>
  </datafield>
  <datafield tag="952" ind1=" " ind2=" ">
    <subfield code="0">0</subfield>
    <subfield code="1">0</subfield>
    <subfield code="2">ccl</subfield>
    <subfield code="4">0</subfield>
    <subfield code="7">0</subfield>
    <subfield code="a">yeezen</subfield>
    <subfield code="b">yeezen</subfield>
    <subfield code="c">YEEZEN</subfield>
    <subfield code="d">2021-12-09</subfield>
    <subfield code="l">9</subfield>
    <subfield code="m">5</subfield>
    <subfield code="o">192.1</subfield>
    <subfield code="p">C02791</subfield>
    <subfield code="r">2025-01-03 00:00:00</subfield>
    <subfield code="s">2024-12-19</subfield>
    <subfield code="w">2021-12-09</subfield>
    <subfield code="y">BOOK</subfield>
    <subfield code="z">&#x6C92;&#x6709;&#x4E0D;&#x80FD;&#x539F;&#x8AD2;&#x7684;&#x4E8B;&#xFF0C;&#x4F60;&#x53EA;&#x662F;&#x4E0D;&#x80AF;&#x653E;&#x904E;&#x81EA;&#x5DF1;&#x3002;&#x90A3;&#x4E9B;&#x60C5;&#x7DD2;&#x88E1;&#x7684;&#x523A;&#xFF0C;&#x90FD;&#x662F;&#x4F60;&#x85CF;&#x5728;&#x5FC3;&#x88E1;&#x7684;&#x59D4;&#x5C48;&#x3002;&#x9918;&#x751F;&#x5F88;&#x9577;&#xFF0C;&#x5225;&#x518D;&#x7528;&#x60C5;&#x7DD2;&#x6298;&#x78E8;&#x81EA;&#x5DF1;&#xFF0C; &#x53EA;&#x6709;&#x628A;&#x81EA;&#x5DF1;&#x770B;&#x61C2;&#x4E86;&#xFF0C;&#x624D;&#x80FD;&#x505A;&#x4E00;&#x500B;&#x512A;&#x96C5;&#x81EA;&#x5728;&#x7684;&#x4EBA;&#x3002;</subfield>
  </datafield>
</record>
